| 000 | 00784nam a2200253Ia 4500 | ||
|---|---|---|---|
| 001 | 20460 | ||
| 003 | GE_BSU | ||
| 008 | 181216s||||||||xx |||||||||||||| ||und|| | ||
| 040 | _cGE_BSU | ||
| 080 | _a811.353.1'35 | ||
| 100 | _aსანიკიძე, თენგიზ | ||
| 245 | _aქართული მართლწერა | ||
| 245 | _cრედ.: თ. უთურგაიძე | ||
| 260 | _aთბილისი | ||
| 260 | _bინტელექტი | ||
| 260 | _c1998 | ||
| 300 | _a112გვ. ; 21სმ. | ||
| 300 | _eბიბლიოგრ.: გვ. 111 | ||
| 541 | _h4ლ.80თ. | ||
| 653 | _aქართული ენა | ||
| 653 | _aქართული მართლწერა | ||
| 653 | _aქსეროქსი | ||
| 942 | _cBK | ||
| 999 |
_c53417 _d53417 |
||